书目信息 |
| 题名: |
冯玉祥与抗日同盟军
|
|
| 作者: | ;中国人民政治协商会议河北省委员会文史资料研究委员会 编 | |
| 分册: | ||
| 出版信息: | 石家庄 河北人民出版社 1985 |
|
| 页数: | 251页 | |
| 开本: | 20cm | |
| 丛书名: | ||
| 单 册: | ||
| 中图分类: | K264.34 , K263.06 | |
| 科图分类: | ||
| 主题词: | 绥察抗日同盟军--史料--中国 , 中国--历史 | |
| 电子资源: | ||
| ISBN: | ||
| 000 | 00882nam0 2200253 45 | |
| 001 | 0185015576 | |
| 005 | 20040518173636.7 | |
| 010 | @dCNY1.80 | |
| 100 | @a19951103d1985 em y0chiy0121 ea | |
| 101 | 0 | @achi |
| 102 | @aCN@b130000 | |
| 105 | @acf z 000yy | |
| 106 | @ar | |
| 200 | 10 | @a冯玉祥与抗日同盟军@Afeng yu xiang yu kang ri tong ming jun@f中国人民政治协商会议河北省委员会文史资料研究委员会编 |
| 210 | @a石家庄@c河北人民出版社@d1985 | |
| 215 | @a251页@c照片及插图@d20cm | |
| 606 | @a绥察抗日同盟军@x史料@y中国 | |
| 606 | 0 | @a中国@x历史 |
| 690 | @aK264.34@v3 | |
| 690 | @aK263.06 | |
| 711 | 02 | @a中国人民政治协商会议河北省委员会文史资料研究委员会@4编@Azhong guo ren min zheng zhi xie shang hui yi he bei sheng wei yuan hui wen shi zi liao yan jiu wei yuan hui |
| 801 | 0 | @aCN@b深圳图书馆@c20040518 |
| 801 | 2 | @aCN@bNLC@c20040518 |
| 905 | @f2@b158066-067@dK263.06@e9 | |
| 冯玉祥与抗日同盟军/中国人民政治协商会议河北省委员会文史资料研究委员会编.-石家庄:河北人民出版社,1985 |
| 251页:照片及插图;20cm |
| ISBN :CNY1.80 |
| ● |
| 相关链接 |
|
|
|
|
正题名:冯玉祥与抗日同盟军
索取号:K263.06/9
 
预约/预借
| 序号 | 登录号 | 条形码 | 馆藏地/架位号 | 状态 | 备注 |
| 1 | 0156068 | 000352727 | 第二样本阅览室/ [索取号:K263.06/9] | 在馆 | |
| 2 | 0158066 | 000352709 | 第二借阅区/ [索取号:K263.06/9] | 在馆 | |
| 3 | 0158067 | 000352718 | 第二借阅区/ [索取号:K263.06/9] | 在馆 |